| 000 | 00977nam a2200217Ii 4500 | ||
|---|---|---|---|
| 003 | JO-AjNU | ||
| 008 | 230605s9999||||xx |||||||||||||| ||und|| | ||
| 017 | _a2005/2/344 | ||
| 040 |
_aJO-AjNU _bara _erda _cJO-AjNU |
||
| 041 | _aara | ||
| 050 | 1 | 4 | _aDS79.65.S9234 2005 |
| 100 | 3 |
_aتاليف السوداني، فراس عبد الرزاق؛ قراءة وتقديم الحمش، عذاب محمود ، حياوي، نبيل عبد الرحمن, _eauthor _919301 |
|
| 245 | 0 | 0 | _aالعراق مستقبل بدستور غامض : نقد قانون ادارة الدولة العراقية للمرحلة الانتقالية |
| 250 | _aط1 | ||
| 264 | 3 | 1 | _aعمان: دار عمار، 2005 |
| 300 | _a309ص | ||
| 336 |
_atext _btxt _2rdacontent |
||
| 337 |
_aunmediated _bn _2rdamedia |
||
| 338 |
_avolume _bnc _2rdacarrier |
||
| 650 | 4 |
_aالحرب على العراق- نحو توقعات مستقبلية، العراق الاحوال السياسية- القرن 21 _919302 |
|
| 999 |
_aA6342 _c9910 _d9910 |
||